[Event "Banja Dvorovi (Women)"]
[Site "Banja Dvorovi"]
[Date "2000.05.14"]
[Round "8"]
[White "Sakotic, Jasna"]
[Black "Bollengier, Andreea"]
[Result "0-1"]
[WhiteElo "2046"]
[BlackElo "2230"]
[PlyCount "70"]
[EventDate "2000.05.06"]
[EventType "tourn"]
[EventRounds "9"]
[EventCountry "YUG"]
[SourceTitle "CBM 076 Extra"]
[Source "ChessBase"]
[SourceDate "2000.07.11"]
[SourceVersion "1"]
[SourceVersionDate "2000.07.11"]
[SourceQuality "1"]

1. e4 c5 2. Nc3 Nc6 3. d3 g6 4. g3 Bg7 5. Be3 d6 6. Qd2 Rb8 7. Bg2 b5 8. Nge2 b4 9. Nd1 e5 10. 0-0 Nge7 11. Bh6 0-0 12. Bxg7 Kxg7 13. c3 bxc3 14. bxc3 Qa5 15. Qc2 Bg4 16. f3 Be6 17. Ne3 Qa3 18. Rfb1 Rxb1+ 19. Qxb1 Rb8 20. Qc1 Qb2 21. Qxb2 Rxb2 22. Nc1 a5 23. a4 Nc8 24. Bf1 Nb6 25. Be2 Nxa4 26. Nd1 Rb8 27. c4 Nb6 28. Nc3 Kf8 29. Nb5 Ke7 30. Bd1 Bd7 31. Kf2 a4 32. Ke3 Nd4 33. Nxd4 cxd4+ 34. Kd2 Bc6 35. Rb1 Nxc4+ 0-1

[Event "Banja Dvorovi (Women)"]
[Site "Banja Dvorovi"]
[Date "2000.05.13"]
[Round "7"]
[White "Rodic Kures, Gordana"]
[Black "Sakotic, Jasna"]
[Result "0-1"]
[WhiteElo "2045"]
[BlackElo "2046"]
[PlyCount "84"]
[EventDate "2000.05.06"]
[EventType "tourn"]
[EventRounds "9"]
[EventCountry "YUG"]
[SourceTitle "CBM 076 Extra"]
[Source "ChessBase"]
[SourceDate "2000.07.11"]
[SourceVersion "1"]
[SourceVersionDate "2000.07.11"]
[SourceQuality "1"]

1. e4 c5 2. Nf3 e6 3. d4 cxd4 4. Nxd4 a6 5. Bd3 Qc7 6. Qe2 Bc5 7. Nb3 Ba7 8. Nc3 Nc6 9. Be3 Nf6 10. Bxa7 Rxa7 11. 0-0 0-0 12. f4 d6 13. Rae1 e5 14. Nd5 Qd8 15. f5 b5 16. Qf2 Ra8 17. Qg3 Bb7 18. a3 Rc8 19. Kh1 Nb8 20. Qf3 Nxd5 21. exd5 Nd7 22. Nd2 Nf6 23. Ne4 Nxe4 24. Bxe4 f6 25. Rd1 Rc4 26. c3 Qb6 27. Rfe1 a5 28. Qe2 Rfc8 29. Rd3 b4 30. Qh5 Qf2 31. Rdd1 bxc3 32. bxc3 Rxc3 33. Re2 Qc5 34. h3 Qxa3 35. Bf3 Rc1 36. Rxc1 Qxc1+ 37. Kh2 Qf4+ 38. g3 Qd4 39. Rc2 Rxc2+ 40. Bg2 Rc8 41. Qf3 Rc2 42. h4 Bxd5 0-1

[Event "Banja Dvorovi (Women)"]
[Site "Banja Dvorovi"]
[Date "2000.05.11"]
[Round "5"]
[White "Petronic, Sanja"]
[Black "Sakotic, Jasna"]
[Result "1-0"]
[WhiteElo "2203"]
[BlackElo "2046"]
[PlyCount "79"]
[EventDate "2000.05.06"]
[EventType "tourn"]
[EventRounds "9"]
[EventCountry "YUG"]
[SourceTitle "CBM 076 Extra"]
[Source "ChessBase"]
[SourceDate "2000.07.11"]
[SourceVersion "1"]
[SourceVersionDate "2000.07.11"]
[SourceQuality "1"]

1. e4 c5 2. Nf3 e6 3. d4 cxd4 4. Nxd4 a6 5. Nc3 Qc7 6. Be3 Nf6 7. Be2 Nc6 8. 0-0 Be7 9. f4 d6 10. Qe1 0-0 11. Qg3 Rd8 12. Kh1 Nxd4 13. Bxd4 b5 14. e5 Ne8 15. f5 dxe5 16. Bxe5 Bd6 17. Bxd6 Qxd6 18. Qh4 Qc7 19. a4 bxa4 20. Rxa4 Bd7 21. fxe6 Bxe6 22. Rxa6 Rab8 23. Bd3 g6 24. Ne4 h5 25. Ng5 Bd5 26. Qf2 Nd6 27. b3 Qe7 28. h4 Rd7 29. Qd4 Bb7 30. Raa1 Nf5 31. Qf4 Re8 32. Bxf5 gxf5 33. Qxf5 Bxg2+ 34. Kxg2 Rd2+ 35. Rf2 Qb7+ 36. Nf3 Rxf2+ 37. Kxf2 Qb6+ 38. Kg3 Qd6+ 39. Qf4 Qe6 40. Re1 1-0

[Event "YUG-chT (Women)"]
[Site "Niksic"]
[Date "1997.??.??"]
[Round "8"]
[White "Mladenovic, Jelena"]
[Black "Sakotic, Jasna"]
[Result "1-0"]
[WhiteElo "2110"]
[BlackElo "2055"]
[PlyCount "97"]
[EventDate "1997.08.27"]
[EventType "team"]
[EventRounds "11"]
[EventCountry "YUG"]
[SourceTitle "CBM 059 Extra"]
[Source "ChessBase"]
[SourceDate "1997.09.26"]
[SourceVersion "1"]
[SourceVersionDate "1997.09.26"]
[SourceQuality "1"]

1. e4 c5 2. Nf3 e6 3. d4 cxd4 4. Nxd4 a6 5. Bd3 Qc7 6. 0-0 Nf6 7. c4 Nc6 8. Nxc6 dxc6 9. f4 Bc5+ 10. Kh1 e5 11. f5 h5 12. Nc3 Ng4 13. Qf3 Qd8 14. Nd1 Qb6 15. Be2 Bd7 16. Qg3 0-0-0 17. Bxg4 hxg4 18. Be3 Bd4 19. Rb1 c5 20. Bxd4 exd4 21. Nf2 g6 22. fxg6 Qxg6 23. b4 Rh5 24. bxc5 Bc6 25. Qxg4+ Qxg4 26. Nxg4 Bxe4 27. Rbe1 Bd3 28. Rxf7 Bxc4 29. Rf2 Rxc5 30. Ne5 Re8 31. Nf3 Rxe1+ 32. Nxe1 Rb5 33. Rc2 Rb4 34. h4 b5 35. Nd3 Rb1+ 36. Kh2 Kb7 37. Nc5+ Kb6 38. Nd7+ Kc6 39. Nf6 d3 40. Rd2 Ra1 41. Ng4 Kc5 42. h5 Bf7 43. h6 Bg6 44. Ne5 Be4 45. Nxd3+ Kd4 46. Nf2+ Ke3 47. Nxe4 Rc1 48. Rd8 Rc7 49. Nf6 1-0

[Event "Star Dorjan (Women)"]
[Site "Star Dorjan"]
[Date "1996.??.??"]
[Round "7"]
[White "Bilciu, Claudia"]
[Black "Sakotic, Jasna"]
[Result "1-0"]
[WhiteElo "2095"]
[BlackElo "2100"]
[PlyCount "157"]
[EventDate "1996.??.??"]
[EventType "tourn"]
[EventRounds "11"]
[EventCountry "MKD"]
[SourceTitle "EXT 1998"]
[Source "ChessBase"]
[SourceDate "1997.11.17"]
[SourceVersion "1"]
[SourceVersionDate "1997.11.17"]
[SourceQuality "1"]

1. d4 Nf6 2. c4 g6 3. Nc3 Bg7 4. e4 d6 5. h3 0-0 6. Bg5 Na6 7. Bd3 e5 8. d5 c6 9. Nge2 Nc5 10. Bc2 cxd5 11. cxd5 a5 12. a4 Qb6 13. Rb1 Bd7 14. 0-0 Qb4 15. Ng3 b5 16. Qf3 Ne8 17. Be7 bxa4 18. Bxf8 Bxf8 19. Nge2 Nb3 20. Bxb3 axb3 21. g4 Bh6 22. Ra1 a4 23. Nb1 Nc7 24. Nec3 Nb5 25. Nxb5 Bxb5 26. Rd1 Rc8 27. Nc3 Rxc3 28. bxc3 Qc4 29. Rdb1 Bd2 30. Qf6 Qc7 31. Rxb3 Bg5 32. Qxg5 axb3 33. Qf6 Qb8 34. Rb1 Bd3 35. Rb2 Qb6 36. Qf3 Bc2 37. Qe2 Qa7 38. Rxc2 bxc2 39. Qxc2 Qc5 40. Qb3 Kg7 41. Qb4 Qc7 42. c4 f5 43. exf5 gxf5 44. gxf5 Kf6 45. Kf1 Kxf5 46. Ke2 Ke4 47. c5+ Kxd5 48. cxd6 Qxd6 49. Qb7+ Kd4 50. Qxh7 Qa6+ 51. Kf3 Qc6+ 52. Kg3 Qc3+ 53. Kg2 Qc6+ 54. Kh2 Qf6 55. Qa7+ Kd5 56. Qe3 e4 57. Qg3 Ke6 58. h4 Kf5 59. Kh3 Qh6 60. Qg4+ Kf6 61. Qxe4 Qc1 62. Qf3+ Kg7 63. h5 Kh6 64. Qe4 Kxh5 65. f4 Qf1+ 66. Kg3 Qg1+ 67. Kf3 Qf1+ 68. Ke3 Qe1+ 69. Kd4 Qd2+ 70. Ke5 Qc3+ 71. Kf5 Qc8+ 72. Qe6 Qc2+ 73. Kf6 Qg6+ 74. Ke7 Qd3 75. f5 Qa3+ 76. Kf7 Qa7+ 77. Kf8 Qa3+ 78. Kg7 Qa7+ 79. Qf7+ 1-0

[Event "YUG-chT (Women)"]
[Site "Novi Sad"]
[Date "1996.??.??"]
[Round "?"]
[White "Nikolin, Zorica"]
[Black "Sakotic, Jasna"]
[Result "1/2-1/2"]
[WhiteElo "2185"]
[BlackElo "2100"]
[PlyCount "53"]
[EventDate "1996.??.??"]
[EventType "team"]
[EventRounds "7"]
[EventCountry "YUG"]
[SourceTitle "EXT 1999"]
[Source "ChessBase"]
[SourceDate "1998.11.16"]
[SourceVersion "1"]
[SourceVersionDate "1998.11.16"]
[SourceQuality "1"]

1. e4 c5 2. Nf3 e6 3. d4 cxd4 4. Nxd4 a6 5. Bd3 Qc7 6. Qe2 d6 7. c4 Nf6 8. b3 Be7 9. Bb2 0-0 10. 0-0 Nc6 11. Nd2 Ne5 12. Bc2 b6 13. f4 Ng6 14. f5 Ne5 15. fxe6 fxe6 16. N2f3 Qc5 17. Kh1 Nfg4 18. h3 Nxf3 19. Nxf3 Ne3 20. Rfc1 Nxc2 21. Rxc2 e5 22. Ne1 Bb7 23. Nd3 Qc6 24. Re1 Bh4 25. Nb4 Qc5 26. Nd3 Qc6 27. Nb4 1/2-1/2

[Event "Star Dorjan (Women)"]
[Site "Star Dorjan"]
[Date "1996.??.??"]
[Round "3"]
[White "Vasilevska, Tatjana"]
[Black "Sakotic, Jasna"]
[Result "0-1"]
[WhiteElo "2045"]
[BlackElo "2100"]
[PlyCount "88"]
[EventDate "1996.??.??"]
[EventType "tourn"]
[EventRounds "11"]
[EventCountry "MKD"]
[SourceTitle "EXT 1998"]
[Source "ChessBase"]
[SourceDate "1997.11.17"]
[SourceVersion "1"]
[SourceVersionDate "1997.11.17"]
[SourceQuality "1"]

1. c4 e5 2. Nc3 Nc6 3. g3 g6 4. Bg2 Bg7 5. e3 Nge7 6. Nge2 0-0 7. 0-0 d6 8. d4 exd4 9. Nxd4 Ne5 10. Qe2 c6 11. e4 Qb6 12. Be3 Qb4 13. c5 dxc5 14. Nb3 b6 15. Qc2 c4 16. Nd4 Ng4 17. a3 Qd6 18. Rad1 Nxe3 19. fxe3 Bg4 20. Rd2 Qe5 21. Nf3 Qc5 22. Nd1 Rfd8 23. Rff2 Bh6 24. Qc3 Bg7 25. Qc2 b5 26. h3 Bxf3 27. Bxf3 Be5 28. Kg2 Qb6 29. Rxd8+ Rxd8 30. Rd2 Rxd2+ 31. Qxd2 Qc7 32. Qf2 Qd6 33. Nc3 Qd3 34. Be2 Qd2 35. Bg4 Bxc3 36. bxc3 Qxc3 37. Bd7 Qxa3 38. h4 Qd6 39. Be8 Qe6 40. e5 Nf5 41. g4 Nxh4+ 42. Qxh4 Qxe8 43. Qg5 c3 44. e4 b4 0-1

[Event "YUG-chT (Women)"]
[Site "Igalo"]
[Date "1994.??.??"]
[Round "1"]
[White "Nikolin, Zorica"]
[Black "Sakotic, Jasna"]
[Result "1-0"]
[WhiteElo "2275"]
[BlackElo "2170"]
[PlyCount "80"]
[EventDate "1994.??.??"]
[EventType "team"]
[EventRounds "9"]
[EventCountry "YUG"]
[SourceTitle "EXT 2002"]
[Source "ChessBase"]
[SourceDate "2001.11.25"]
[SourceVersion "1"]
[SourceVersionDate "2001.11.25"]
[SourceQuality "1"]

1. e4 c5 2. Nf3 e6 3. d4 cxd4 4. Nxd4 Nc6 5. Nb5 d6 6. c4 Nf6 7. N1c3 a6 8. Na3 Be7 9. Be2 0-0 10. 0-0 b6 11. Be3 Bb7 12. Qb3 Nd7 13. Rfd1 Re8 14. Rac1 Bf8 15. Qc2 Rc8 16. Qd2 Nce5 17. f3 Nf6 18. Bf1 Qc7 19. Kh1 Ned7 20. Bg1 Qb8 21. Nc2 Ba8 22. a3 Ne5 23. Ne3 Red8 24. b4 Bb7 25. Qf2 Ned7 26. Qe1 Re8 27. Qf2 Qa8 28. Qa2 Rc7 29. Rc2 Rec8 30. Rdc1 Be7 31. Qb3 Bf8 32. Na4 Nh5 33. Nd1 Rc6 34. Ndc3 Qa7 35. b5 axb5 36. Nxb5 Qa5 37. Be3 Be7 38. Bd2 e5 39. Bxa5 bxa5 40. Qe3 h6 1-0

[Event "YUG-chT (Women)"]
[Site "Igalo"]
[Date "1994.??.??"]
[Round "3"]
[White "Popovic, Danijela"]
[Black "Sakotic, Jasna"]
[Result "0-1"]
[WhiteElo "2055"]
[BlackElo "2170"]
[PlyCount "77"]
[EventDate "1994.??.??"]
[EventType "team"]
[EventRounds "9"]
[EventCountry "YUG"]
[SourceTitle "EXT 2002"]
[Source "ChessBase"]
[SourceDate "2001.11.25"]
[SourceVersion "1"]
[SourceVersionDate "2001.11.25"]
[SourceQuality "1"]

1. b4 e5 2. Bb2 d6 3. e3 Nf6 4. c4 Bg4 5. Be2 Bxe2 6. Nxe2 Be7 7. 0-0 0-0 8. f4 e4 9. Ng3 d5 10. c5 Re8 11. Nf5 Bf8 12. g4 a5 13. g5 Nfd7 14. Qg4 Re6 15. a3 axb4 16. axb4 Rxa1 17. Bxa1 Nc6 18. b5 Nb4 19. Bc3 Na2 20. Bd4 Nb4 21. Nc3 Nxc5 22. Nxg7 Bxg7 23. Bxc5 Nd3 24. f5 Re8 25. f6 Nxc5 26. fxg7 Nd3 27. Qf5 Ne5 28. Kh1 c6 29. bxc6 bxc6 30. h4 Nf3 31. d3 Qc7 32. Qh3 Kxg7 33. dxe4 dxe4 34. Nxe4 Rxe4 35. Rxf3 Qe5 36. Rg3 Qd5 37. Kh2 Qc4 38. Qf5 Rxh4+ 39. Kg2 0-1

[Event "YUG-chT (Women)"]
[Site "Becici"]
[Date "1993.??.??"]
[Round "?"]
[White "Micic, Snezana"]
[Black "Sakotic, Jasna"]
[Result "1-0"]
[WhiteElo "2220"]
[BlackElo "2200"]
[PlyCount "93"]
[EventDate "1993.??.??"]
[EventType "team"]
[EventRounds "6"]
[EventCountry "YUG"]
[SourceTitle "EXT 1997"]
[Source "ChessBase"]
[SourceDate "1996.11.15"]
[SourceVersion "1"]
[SourceVersionDate "1996.11.15"]
[SourceQuality "1"]

1. e4 c5 2. Nf3 e6 3. d4 cxd4 4. Nxd4 a6 5. Bd3 Bc5 6. Nb3 Ba7 7. Nc3 Nc6 8. Qe2 d6 9. Be3 b5 10. f4 b4 11. Na4 Bxe3 12. Qxe3 Rb8 13. 0-0 Nf6 14. Qe2 Qc7 15. Kh1 Bd7 16. e5 dxe5 17. Nac5 Bc8 18. Bxa6 exf4 19. Bxc8 Rxc8 20. Na6 Qe5 21. Qxe5 Nxe5 22. Nxb4 g5 23. Nd2 Ke7 24. a4 Rhd8 25. Nf3 Nxf3 26. gxf3 Nd5 27. Nxd5+ Rxd5 28. Rf2 f5 29. a5 h5 30. a6 Ra8 31. h4 gxh4 32. Ra4 e5 33. b4 e4 34. fxe4 fxe4 35. Rxf4 Rd1+ 36. Kh2 Rg8 37. Rxh4 Rdg1 38. Rxe4+ Kd6 39. Re2 Rd1 40. a7 Ra8 41. b5 Kc5 42. c4 Rd7 43. Re5+ Kb6 44. Re6+ Kc5 45. Rc6+ Kd4 46. b6 Ke5 47. Ra5+ 1-0